01543nam a2200349 a 4500001001000000003000500010005001700015008004100032010001100073011001100084040000900095090001000104100005100114245016700165260004100332500006000373502008300433590004100516590004100557590004100598590003900639590003900678650004800717650004000765856007000805901000700875942001000882942000600892999001900898952014000917952013601057000108807CHAP20220329144025.0140313s2013 mx | |sm |||||||spa|d a105269 a106241 cCHAP aTesis1 aGonzález Jiménez, María Gabriela912586610aEvaluación del perfil de egreso oficial y real de psicología de la Universidad del Valle de Méxicoh[En línea]cpor María Gabriela González Jiménez. aChapingo, Méx. :bEl autor,c2013. aPara ver el contenido del material haga clic en la liga aTesis (M.C. en Procesos Educativos) -- UACH. Maestría en Procesos Educativos aBATCH-UPDb10c20140324lUCH01h1536 aBATCH-UPDb10c20141002lUCH01h0857 aE11695DGDb10c20140318lUCH01h1027 aE792CSJb05c20140313lUCH01h0859 aE792CSJb05c20140313lUCH01h085914aPsicologíaxEstudio y enseñanza.99260114aPsicologíaxMetodología.992604 aFinding aiduhttp://10.13.5.2/tesis/sist108807.pdfzTeclea aquí aBK cTESIS n0 c105269d105269 00102local4053708TESISaBCbBCcPA_TESISd2014-03-13fTESISl0oTesisp33724002394074r2019-12-31 00:00:00tc.2w2019-12-31yTESIS 00104054718TESISaBCbBCd2014-03-13fTESISl0oTesisp33724002394116r2019-12-31 00:00:00w2019-12-31yTESISzRecien adquirido